Datum a čas kvízu
31
Celkem bodů
Celkový počet nahraných bodů na tomto kvízu bez doplňovacích otázek.
5.
Pořadí na kvízu
Konečné umístění týmu na tomto kvízu.
Zaznamenané odpovědi
| # | Otázka | Odpověď | Body | Výsledky |
|---|---|---|---|---|
| 1. | Osm lidí včetně jednoho Čecha... | v Burkině Faso | 0 | |
| 2. | K půlročnímu vězení odsoudil n... | líbali se | 0 | |
| 3. | Minulý týden proběhl pařížský... | Heidi Klum | 0 | |
| 4. | Francouzská státní společnost... | croissant | 1 | |
| 5. | V minulém týdnu jsme se v hoke... | Pavel Gross, HC Sparta Praha | 1 | |
| 6. | Rozdělení Římské říše mezi Hon... | na konci 4. století | 1 | |
| 7. | Ve 14. století Evropu sevřela... | D | 0 | |
| 8. | Podepsání Mnichovské dohody by... | appeasement (politika appeasementu) | 1 | |
| 9. | Jedním z největších přešlapů m... | Lehman Brothers | 0 | |
| 10. | Jak moc velkou chybou byl či n... | A | 0 |